The aristocracy of Norman England /

Bibliographic Details
Main Author: Green, Judith A.
Format: Book
Language:English
Published: Cambridge ; New York : Cambridge University Press, 1997.
Subjects:

MARC

Tag First Indicator Second Indicator Subfields
LEADER 00000cam a2200000 a 4500
001 in00001403733
005 20151020053140.0
008 960904s1997 enkab b 001 0 eng
010 |a  96043682  
020 |a 0521335094 
035 |a (OCoLC)35450561 
035 |9 AHM7190AM 
040 |a DLC  |c DLC  |d TXA  |d UtOrBLW 
043 |a e-uk-en  |a e-uk--- 
049 |a TXAM 
050 0 0 |a DA195  |b .G74 1997 
082 0 0 |a 940.1  |2 20 
100 1 |a Green, Judith A. 
245 1 4 |a The aristocracy of Norman England /  |c Judith A. Green. 
264 1 |a Cambridge ;  |a New York :  |b Cambridge University Press,  |c 1997. 
300 |a xv, 497 pages :  |b illustrations, map ;  |c 24 cm. 
336 |a text  |b txt  |2 rdacontent 
337 |a unmediated  |b n  |2 rdamedia 
338 |a volume  |b nc  |2 rdacarrier 
504 |a Includes bibliographical references (pages 442-475) and index. 
651 0 |a Great Britain  |x Politics and government  |y 1066-1154. 
650 0 |a Aristocracy (Political science)  |z England  |x History. 
650 0 |a Social history  |y Medieval, 500-1500. 
650 0 |a Normans  |z England. 
999 |a MARS 
999 f f |s ed43e639-08af-3f8b-bcdf-46fd594c6c91  |i 76f9d778-e066-307d-bcb4-69917a987643  |t 0 
952 f f |p ric  |a Texas A&M University  |b Rellis Campus  |c Joint Library Facility  |d Remote Storage  |t 0  |e DA195 .G74 1997  |h Library of Congress classification  |i unmediated -- volume  |m A14822025625 
998 f f |a DA195 .G74 1997  |t 0  |l Remote Storage